000 00450nam a2200169Ia 4500
008 230711s9999||||xx |||||||||||||| ||und||
020 _a978-81-7993-389-3
041 _aENG
082 _a621.47
_bDE-S
100 _aDeambi,Suneel
245 0 _aSolar PV Power : A global perspective
250 _a2nd Ed.
260 _c2017
_aNew Delhi
_bTERI The Energy and Resources Institute
300 _a270p.
650 _aElectrical Engineering
942 _cBK
999 _c6291
_d6291